Accounting fundamentals : (Record no. 18403)
[ view plain ]
| 000 -LEADER | |
|---|---|
| fixed length control field | 00503nam a22001817a 4500 |
| 003 - CONTROL NUMBER IDENTIFIER | |
| control field | OSt |
| 005 - DATE AND TIME OF LATEST TRANSACTION | |
| control field | 20140310183025.0 |
| 008 - FIXED-LENGTH DATA ELEMENTS--GENERAL INFORMATION | |
| fixed length control field | 130215t xxu||||| |||| 00| 0 eng d |
| 050 ## - LIBRARY OF CONGRESS CALL NUMBER | |
| Classification number | HF 5635 |
| Item number | .B188 2007 |
| 100 ## - MAIN ENTRY--PERSONAL NAME | |
| Personal name | Ballada,Susan |
| 245 ## - TITLE STATEMENT | |
| Title | Accounting fundamentals : |
| Remainder of title | made easy / |
| Statement of responsibility, etc | Susan Ballada and Win Lu Ballada |
| 260 ## - PUBLICATION, DISTRIBUTION, ETC. (IMPRINT) | |
| Place of publication, distribution, etc | Sampaloc, Manila : |
| Name of publisher, distributor, etc | DomDane Pub., |
| Date of publication, distribution, etc | 2007 . |
| 300 ## - PHYSICAL DESCRIPTION | |
| Extent | 280 p. : |
| Dimensions | 25 cm. |
| Other physical details | ill. ; |
| 521 ## - TARGET AUDIENCE NOTE | |
| Target audience note | |
| 942 ## - ADDED ENTRY ELEMENTS (KOHA) | |
| Source of classification or shelving scheme | Library of Congress Classification |
| Koha item type | Books |
| Call number prefix | Local |
| Withdrawn status | Lost status | Source of classification or shelving scheme | Damaged status | Home library | Current library | Shelving location | Date acquired | Source of acquisition | Total Checkouts | Total Renewals | Full call number | Barcode | Date last seen | Date checked out | Copy number | Price effective from | Koha item type |
|---|---|---|---|---|---|---|---|---|---|---|---|---|---|---|---|---|---|
| Library of Congress Classification | Archives | Archives | 11/25/2013 | Donation | 2 | 11 | HF 5635 .B188 2007 | C9598 | 05/08/2018 | 07/14/2017 | 1 | 11/25/2013 | Books | ||||
| Library of Congress Classification | Archives | Archives | 11/25/2013 | Donation | 1 | 4 | HF 5635 .B188 2007 | C9595 | 05/08/2018 | 01/22/2015 | 2 | 11/25/2013 | Books | ||||
| Library of Congress Classification | College Library | College Library | Filipiniana Section | 11/25/2013 | Donation | 4 | 11 | HF 5635 .B188 2007 | C9599 | 05/08/2018 | 07/27/2017 | 3 | 11/25/2013 | Books | |||
| Library of Congress Classification | College Library | College Library | Filipiniana Section | 11/25/2013 | Donation | 1 | 2 | HF 5635 .B188 2007 | C9596 | 05/08/2018 | 01/21/2015 | 4 | 11/25/2013 | Books | |||
| Library of Congress Classification | College Library | College Library | Filipiniana Section | 11/25/2013 | Donation | 3 | 10 | HF 5635 .B188 2007 | C9594 | 05/08/2018 | 07/22/2016 | 5 | 11/25/2013 | Books |